000
00305nam a22001337a 4500
008
180314b xxu||||| |||| 00| 0 eng d
020
_a
9780442278489
041
_a
eng
080
_a
339.138
100
_a
60
101
_a
MAR
245
_a
Hospitality marketing management
_c
Reid,R.D
942
_2
udc
_c
BK
999
_c
45013
_d
45013